ბათუმის შოთა რუსთაველის სახელმწიფო უნივერსიტეტის ბიბლიოთეკა

Molecular biology of the gene / (ბიბ.ჩანაწერი № 50547)

000 -LEADER
fixed length control field 01311cam a22003374a 4500
001 - CONTROL NUMBER
control field 13113498
005 - DATE AND TIME OF LATEST TRANSACTION
control field 20200220164130.0
008 - FIXED-LENGTH DATA ELEMENTS--GENERAL INFORMATION
fixed length control field 030306s2004 caua b 001 0 eng
010 ## - LIBRARY OF CONGRESS CONTROL NUMBER
LC control number 2003042863
020 ## - INTERNATIONAL STANDARD BOOK NUMBER
International Standard Book Number 080534635X
040 ## - CATALOGING SOURCE
Original cataloging agency DLC
Transcribing agency DLC
Modifying agency DLC
041 ## - LANGUAGE CODE
Language code of text/sound track or separate title eng
042 ## - AUTHENTICATION CODE
Authentication code pcc
050 00 - LIBRARY OF CONGRESS CALL NUMBER
Classification number QH506
Item number .M6627 2004
080 ## - UNIVERSAL DECIMAL CLASSIFICATION NUMBER
Universal Decimal Classification number 577.2 M-79
082 00 - DEWEY DECIMAL CLASSIFICATION NUMBER
Classification number 572.8
Edition number 21
245 00 - TITLE STATEMENT
Title Molecular biology of the gene /
Statement of responsibility, etc. James D. Watson ... [et al.].
250 ## - EDITION STATEMENT
Edition statement 5th ed.
264 ## - PRODUCTION, PUBLICATION, DISTRIBUTION, MANUFACTURE, AND COPYRIGHT NOTICE
Place of production, publication, distribution, manufacture San Francisco :
Name of producer, publisher, distributor, manufacturer Pearson/Benjamin Cummings,
Date of production, publication, distribution, manufacture, or copyright notice 2004.
300 ## - PHYSICAL DESCRIPTION
Extent xxvix, 732 p. :
Other physical details ill. (some col.) ;
Dimensions 29 cm. +e 1 CD-ROM (4 3/4 in.)
504 ## - BIBLIOGRAPHY, ETC. NOTE
Bibliography, etc. note Includes bibliographical references and index.
650 #0 - SUBJECT ADDED ENTRY--TOPICAL TERM
Topical term or geographic name entry element Molecular biology.
9 (RLIN) 7286
650 #0 - SUBJECT ADDED ENTRY--TOPICAL TERM
Topical term or geographic name entry element Molecular genetics.
9 (RLIN) 7114
653 ## - INDEX TERM--UNCONTROLLED
keyword მოლეკულური გენეტიკა
653 ## - INDEX TERM--UNCONTROLLED
keyword მოლეკულური ბიოლოგია
700 1# - ADDED ENTRY--PERSONAL NAME
Personal name Watson, James D.,
Dates associated with a name 1928-
9 (RLIN) 7287
856 42 - ELECTRONIC LOCATION AND ACCESS
Materials specified Publisher description
Uniform Resource Identifier http://www.loc.gov/catdir/enhancements/fy1208/2003042863-d.html
906 ## - LOCAL DATA ELEMENT F, LDF (RLIN)
a 7
b cbc
c orignew
d 1
e ocip
f 20
g y-gencatlg
942 ## - ADDED ENTRY ELEMENTS (KOHA)
Source of classification or shelving scheme
Koha item type წიგნი
ეგზემპლარები
Withdrawn status Lost status Source of classification or shelving scheme Damaged status Not for loan Permanent Location Current Location Shelving location Date acquired Cost, normal purchase price Full call number Barcode Date last seen Copy number Price effective from Koha item type Public note
          ბათუმის შოთა რუსთაველის სახელმწიფო უნივერსიტეტის მთავარი ბიბლიოთეკა ბათუმის შოთა რუსთაველის სახელმწიფო უნივერსიტეტის მთავარი ბიბლიოთეკა წიგნსაცავი 2018-12-17 350.00 577.2 M-79 682 2018-12-17 682 2018-12-17 წიგნი 350 ლ.
          ბათუმის შოთა რუსთაველის სახელმწიფო უნივერსიტეტის მთავარი ბიბლიოთეკა ბათუმის შოთა რუსთაველის სახელმწიფო უნივერსიტეტის მთავარი ბიბლიოთეკა წიგნსაცავი 2018-12-17 350.00 577.2 M-79 683 2018-12-17 683 2018-12-17 წიგნი 350 ლ.
          ბათუმის შოთა რუსთაველის სახელმწიფო უნივერსიტეტის მთავარი ბიბლიოთეკა ბათუმის შოთა რუსთაველის სახელმწიფო უნივერსიტეტის მთავარი ბიბლიოთეკა წიგნსაცავი 2018-12-17 350.00 577.2 M-79 679 2018-12-17 679 2018-12-17 წიგნი 350 ლ.